000 00646nam a22002057a 4500
005 20251108165935.0
008 250721s2000 xx 000 0 ara d
082 1 4 _a351.15/حسن
100 1 _aحسنين، حسين محمد
245 1 0 _aأدوات تحديد الإحتياجات التدريبية /
246 1 1 _atools for trining needs asssessment
264 1 _aعمان :
_c2000.
300 _a230ص.
490 0 _aسلسلة كتب المدرب الفعال ؛4
650 1 7 _aتدريب الموظفين الجدد
650 1 7 _aأساليب التدريب
650 1 7 _aالمدربون
942 _2ddc
_cBK
999 _c35387
_d35387